000
00305nam a2200121Ia 4500
005
20251222143258.0
008
251222s9999||||xx |||||||||||||| ||spa||
082
_a
338.972/R72
100
_a
Roel Pineda, Virgilio
245
0
_a
La Crisis General de la Globalización:
264
_b
Cartolan
942
_c
LIB
999
_c
15229
_d
15229